Alien contract labor provisions of immigration law.

Bibliographic Details
Corporate Author: United States. Department of State
Format: Government Document eBook
Language:English
Published: Washington : U.S. GPO, 1919.
Series:State Dept. Gen. Instruction Consular Circ. No. 669
Subjects:
Online Access:Connect to the full text of this electronic document

MARC

Tag First Indicator Second Indicator Subfields
LEADER 00000cam a22000001a 4500
001 in00003760613
005 20190409170820.0
006 m o d f
007 cr bn mmmapmmp
008 040322s1919 dcu o f000 0 eng d
035 |a ebd1910705855 
040 |a UMI  |c UMI  |d UtOrBLW 
086 0 |a S 1.4/2:669 
099 |a S1.4-2.669 
245 0 0 |a Alien contract labor provisions of immigration law. 
264 1 |a Washington :  |b U.S. GPO,  |c 1919. 
300 |a 1 online resource (3 pages) 
336 |a text  |b txt  |2 rdacontent 
337 |a computer  |b c  |2 rdamedia 
338 |a online resource  |b cr  |2 rdacarrier 
490 0 |a State Dept. Gen. Instruction Consular Circ. No. 669 
500 |a [summary of provisions for consular officers]. 
500 |a Record is based on bibliographic data in ProQuest U.S. Executive Branch Documents, 1910-1932. Reuse except for individual research requires license from ProQuest, LLC. 
533 |a Electronic reproduction.  |b [Bethesda, Md.] :  |c ProQuest,  |d 2012.  |e digital, PDF file.  |n ProQuest U.S. Executive Branch Documents, 1910-1932.  |n Mode of access: World Wide Web via ProQuest website. 
538 |a System requirements: PDF reader software. 
500 |a Electronic resource. 
650 0 |a Foreign workers.  |0 http://id.loc.gov/authorities/subjects/sh85003502 
650 0 |a Emigration and immigration.  |0 http://id.loc.gov/authorities/subjects/sh85042782 
655 7 |a Electronic books.  |2 local 
710 1 |a United States.  |b Department of State.  |0 http://id.loc.gov/authorities/names/n80126198 
776 1 8 |i Microfiche version:  |t Alien contract labor provisions of immigration law  |o CIS US Exec MF S1.4-2.669  |w (ProQuest)cis19173864 
856 4 0 |u http://proxy.library.tamu.edu/login?url=http://congressional.proquest.com/congressional/docview/t66.d71.s1.4-2.669  |z Connect to the full text of this electronic document  |t 0 
999 f f |s 2436f312-c4ff-33fe-8e7b-ad7140bc6782  |i 33816f89-c7cd-3d4f-b47e-4e4452e0e408  |t 0 
952 f f |a Texas A&M University  |b College Station  |c Electronic Resources  |d Available Online  |t 0  |h No information provided 
998 f f |t 0  |l Available Online